000 01186nam a22002057a 4500
005 20251114125045.0
006 a|||||r|||||||||||
008 251114s2018 |||aco|| |||| 01| ||eng d
040 _aGR-AtMCL
_bgre
_dGR-AtMCL
_eAACR2
245 1 0 _aThe story of a brand:
_b40 years of Engel & Vӧlkers/
_cCountess Jeannette Beissel von Gymnish
260 _aHamburg:
_bEngel & Völkers AG,
_c2018
300 _a319 pages;
_b34 cm
520 _aThe international real estate company Engel & Völkers with over 600 shops and 10.000 employees spread out all over the world celebrated their 40th birthday in their new headquarter designed by architect Richard Meier by the end of 2018. Christian Völkers one of the founders of this franchise company wanted to create a very elegant and special give away for their clients, supporters, employees, friends and family members. Around 2015 he started talking about printing a book that would tell the success story of the company with all its ups and downs.
650 0 _aBusiness
_99977
650 0 _aBranding (Marketing)
_910145
700 _aCountess Jeannette Beissel von Gymnish
_910146
942 _cBK
999 _c9953
_d9953